[Event "Groningen"]
[Site "?"]
[Date "1992.??.??"]
[Round "?"]
[White "Hansen, Cu"]
[Black "Yusupov, A."]
[Result "1/2-1/2"]
[WhiteElo "2635"]
[BlackElo "2640"]
[PlyCount "48"]
[EventDate "1992.??.??"]
[Source "ChessBase"]
[SourceDate "1992.10.01"]

1. c4 f5 2. Nf3 Nf6 3. g3 g6 4. b3 Bg7 5. Bb2 d6 6. d4 c6 7. Bg2 O-O 8. O-O Kh8 9. Nc3 Be6 10. d5 Bg8 11. Qd2 Qa5 12. Rac1 cxd5 13. Nxd5 Qxd2 14. Nxd2 Nxd5 15. Bxg7+ Kxg7 16. cxd5 Na6 17. Nc4 Rac8 18. a3 Nc5 19. Nd2 Nd7 20. e4 fxe4 21. Nxe4 Nb6 22. Nc3 Rc7 23. Nb5 Rxc1 24. Rxc1 Bxd5 1/2-1/2

[Event "Cattolica Open"]
[Site "Cattolica op"]
[Date "1994.??.??"]
[Round "?"]
[White "Giorgadze, Giorgi"]
[Black "Malaniuk, Vladimir P"]
[Result "0-1"]
[WhiteElo "2555"]
[BlackElo "2595"]
[PlyCount "84"]
[EventDate "1994.??.??"]
[Source "www.chesslib.no"]
[SourceDate "2004.05.04"]

1. c4 f5 2. g3 Nf6 3. Bg2 d6 4. Nc3 e5 5. d4 c6 6. Nf3 e4 7. Ng5 h6 8. Nh3 g5 9. f3 exf3 10. exf3 Bg7 11. O-O O-O 12. f4 g4 13. Nf2 Na6 14. d5 c5 15. a3 Bd7 16. Qd3 Ne8 17. Rb1 Nec7 18. Be3 Rc8 19. b4 b6 20. b5 Nb8 21. h3 h5 22. hxg4 hxg4 23. Nce4 fxe4 24. Bxe4 Qf6 25. Bh7+ Kh8 26. Kg2 Bf5 27. Bxf5 Qxf5 28. Qxf5 Rxf5 29. Nxg4 Kg8 30. Rh1 Re8 31. Rh6 Re4 32. Rc1 Ne8 33. Kf3 Re7 34. Rch1 Kf8 35. Rh7 Nd7 36. Bd2 Rff7 37. Nh6 Rf6 38. f5 Ne5+ 39. Kf2 Nxc4 40. Bg5 Re5 41. g4 Rxd5 42. Bc1 Ne5 0-1

[Event "Werfen op-A"]
[Site "?"]
[Date "1996.??.??"]
[Round "4"]
[White "Miezis Normunds"]
[Black "Malaniuk Vladimir P"]
[Result "1/2-1/2"]
[WhiteElo "2530"]
[BlackElo "2610"]
[PlyCount "50"]
[EventDate "1996.??.??"]
[Source "www.chesslib.no"]
[SourceDate "2004.05.04"]

1. c4 f5 2. Nc3 Nf6 3. g3 d6 4. Bg2 g6 5. d3 Bg7 6. e3 c6 7. Nge2 e5 8. O-O Be6 9. b3 O-O 10. Qd2 Re8 11. Ba3 a5 12. d4 Bf7 13. Rad1 e4 14. d5 c5 15. Nf4 Na6 16. Ne6 Bxe6 17. dxe6 Rxe6 18. f3 exf3 19. Bxf3 Rb8 20. Nb5 b6 21. Bb2 Nc7 22. Bxf6 Rxf6 23. Nxd6 Bf8 24. Nb5 Qxd2 25. Rxd2 Nxb5 1/2-1/2

[Event "Mind Sports Games - Blitz Ind"]
[Site "Pechino CINA"]
[Date "2008.10.04"]
[Round "10"]
[White "Reinderman, D."]
[Black "Shabalov, A."]
[Result "1/2-1/2"]
[WhiteElo "2543"]
[BlackElo "2585"]
[PlyCount "134"]
[EventDate "2008.10.04"]
[Source "www.chesslib.no"]
[SourceDate "2004.05.04"]

1. c4 f5 2. g3 Nf6 3. Bg2 g6 4. b4 Bg7 5. Bb2 O-O 6. Nf3 c6 7. O-O a5 8. b5 d5 9. d3 Kh8 10. a4 Be6 11. Nbd2 Bg8 12. Qc2 Nbd7 13. Rfc1 Qb8 14. bxc6 bxc6 15. Rab1 Qd6 16. cxd5 cxd5 17. Qc6 Qxc6 18. Rxc6 Rfc8 19. Rbc1 Rcb8 20. Bc3 Nb6 21. Ra1 Nfd7 22. Bxg7+ Kxg7 23. d4 Bf7 24. e3 Be8 25. Rc7 Kf6 26. Bf1 Rc8 27. Rxc8 Rxc8 28. Nb3 Nb8 29. Nxa5 Nxa4 30. Ne5 Nc3 31. Nb7 Nc6 32. Ra6 Kg7 33. Nxc6 Rxc6 34. Rxc6 Bxc6 35. Nc5 Kf6 36. Bd3 e5 37. Kf1 exd4 38. exd4 Bb5 39. Bxb5 Nxb5 40. Nb3 f4 41. Ke2 Kf5 42. Kf3 g5 43. g4+ Ke6 44. Ke2 Nc3+ 45. Kd3 Ne4 46. f3 Nd6 47. Nc5+ Ke7 48. Na4 Nc4 49. Nc3 Ke6 50. Ke2 Ne3 51. Kd3 Kd6 52. h3 Ke6 53. Nb5 Kf6 54. Nd6 Kg6 55. Nc8 h5 56. Nb6 h4 57. Na4 Kf6 58. Nc5 Nd1 59. Ke2 Nc3+ 60. Kd3 Nd1 61. Ke2 Ne3 62. Nd3 Nc4 63. Nc5 Ke7 64. Kd3 Kd6 65. Nb3 Nb2+ 66. Kc2 Nc4 67. Kd3 Ne3 1/2-1/2

[Event "Dos Hermanas ESP"]
[Site "?"]
[Date "2006.03.24"]
[Round "1.2"]
[White "Jobava Baadur"]
[Black "Herraiz Hidalgo Herminio"]
[Result "1-0"]
[WhiteElo "2614"]
[BlackElo "2492"]
[PlyCount "87"]
[EventDate "2006.??.??"]
[Source "www.chesslib.no"]
[SourceDate "2004.05.04"]

1. c4 f5 2. Nc3 Nf6 3. g3 g6 4. Bg2 d6 5. Nf3 Bg7 6. d3 O-O 7. O-O e5 8. Rb1 h6 9. b4 Nc6 10. b5 Ne7 11. a4 Be6 12. Ba3 Rc8 13. Nd2 b6 14. a5 g5 15. axb6 axb6 16. e3 Qe8 17. d4 f4 18. dxe5 dxe5 19. exf4 exf4 20. Re1 Qf7 21. Qe2 Ng4 22. Qxe6 fxg3 23. hxg3 Bxc3 24. Bxe7 Bxd2 25. Bxf8 Bxe1 26. Bd5 Bxf2+ 27. Kh1 Qxe6 28. Bxe6+ Kxf8 29. Bxc8 Ne3 30. g4 Ke7 31. Rb2 Bg3 32. Re2 Bf4 33. Kg1 Kd6 34. Kf2 Nxc4 35. Rc2 Ne5 36. Bf5 Kd5 37. Ke2 Nf7 38. Bd3 Ne5 39. Bf5 Nf7 40. Bd3 Ne5 41. Bf5 Kd6 42. Rc3 Nf7 43. Rc6+ Kd5 44. Be6+ 1-0

[Event "Munich"]
[Site "Munich"]
[Date "1988.??.??"]
[Round "?"]
[White "Hickl, Joerg"]
[Black "Jussupow, Artur"]
[Result "1/2-1/2"]
[WhiteElo "2485"]
[BlackElo "2620"]
[PlyCount "56"]
[EventDate "1988.04.??"]
[Source "ChessBase"]

1. c4 f5 2. Nc3 Nf6 3. d3 d6 4. g3 g6 5. Bg2 Bg7 6. Nf3 O-O 7. O-O c6 8. Qc2 a5 9. Rb1 Na6 10. a3 Bd7 11. b4 axb4 12. axb4 Nc7 13. Bb2 Ne6 14. Qb3 Kh8 15. d4 Qe8 16. Rbe1 Nc7 17. e4 fxe4 18. Nxe4 Nxe4 19. Rxe4 d5 20. cxd5 cxd5 21. Re3 Ba4 22. Qc3 Rc8 23. Bh3 Bd7 24. Bxd7 Qxd7 25. Rfe1 Qf5 26. Qd3 Qxd3 27. Rxd3 Nb5 28. Rxe7 b6 1/2-1/2

[Event "33rd Rilton Cup"]
[Site "Stockholm"]
[Date "2003.12.02"]
[Round "6"]
[White "Berkes, Ferenc"]
[Black "Berg, Emanuel"]
[Result "1-0"]
[WhiteElo "2616"]
[BlackElo "2489"]
[PlyCount "131"]
[EventDate "2003.12.27"]
[Source "Roberto Alvarez"]
[SourceDate "2004.01.05"]

1. c4 f5 2. b3 d6 3. Bb2 e5 4. e3 Nf6 5. d4 e4 6. Nc3 d5 7. cxd5 Bb4 8. Bc4 a6 9. Nh3 b5 10. Be2 Nxd5 11. Qc2 c6 12. O-O Bxc3 13. Bxc3 Be6 14. Bd2 Qd6 15. f3 exf3 16. Rxf3 Nd7 17. Ng5 O-O 18. Raf1 Ne7 19. Bd3 Bd5 20. Bxf5 Nxf5 21. Rxf5 g6 22. Rxf8+ Rxf8 23. Rxf8+ Nxf8 24. e4 Be6 25. Be3 a5 26. Qf2 Nd7 27. h4 a4 28. bxa4 bxa4 29. Bf4 Qe7 30. a3 h6 31. Nxe6 Qxe6 32. Qc2 Nf6 33. Be5 Ng4 34. Qxa4 Nxe5 35. dxe5 Qxe5 36. Qxc6 Qa1+ 37. Kh2 Qe5+ 38. Kh3 Kg7 39. a4 h5 40. Qd7+ Kh6 41. Qd5 Qc3+ 42. Kh2 Qc7+ 43. e5 Qc1 44. Qe4 Qc7 45. Qf4+ Kh7 46. Qf6 Qc5 47. Qf7+ Kh8 48. Qf4 Kh7 49. e6 Kg7 50. Qe4 Qd6+ 51. Kh3 Qa3+ 52. Kh2 Qd6+ 53. Kg1 Qd1+ 54. Kf2 Qd2+ 55. Kf3 Qc3+ 56. Kf4 Qd2+ 57. Ke5 Qa5+ 58. Qd5 Qc7+ 59. Kd4 Qa7+ 60. Kc3 Qc7+ 61. Kb4 Qf4+ 62. Kb5 Qb8+ 63. Ka6 Kf6 64. Qd4+ Kf5 65. Qc5+ Kf6 66. Qf2+ 1-0

[Event "EU Team Ch (Men)"]
[Site "Haifa ISR"]
[Date "1989.??.??"]
[Round "5"]
[White "Bischoff, Klaus"]
[Black "Tukmakov, Vladimir B"]
[Result "1/2-1/2"]
[WhiteElo "2505"]
[BlackElo "2590"]
[PlyCount "91"]
[EventDate "1989.11.??"]
[Source "www.chesslib.no"]
[SourceDate "2004.05.04"]

1. c4 f5 2. b3 e5 3. Bb2 d6 4. g3 Nf6 5. Bg2 Be7 6. e3 O-O 7. Ne2 Na6 8. O-O c6 9. d3 Qe8 10. Qd2 Qh5 11. f4 Nc5 12. Nbc3 e4 13. dxe4 fxe4 14. Nd1 Nd3 15. Bxf6 Bxf6 16. Nec3 d5 17. cxd5 cxd5 18. Nf2 Nxf2 19. Rxf2 Bg4 20. Re1 Rfd8 21. Nb5 Rac8 22. Nd4 Rd7 23. Bf1 Rdc7 24. Be2 Bxe2 25. Qxe2 Qxe2 26. Nxe2 Rc2 27. Rd1 Rxa2 28. Rxd5 Rcc2 29. Kf1 Ra1+ 30. Kg2 Raa2 31. Kf1 Rcb2 32. Rc5 Rxb3 33. Nd4 Rb1+ 34. Kg2 Rxf2+ 35. Kxf2 Rb2+ 36. Ke1 a6 37. Nf5 b5 38. Nd6 Be7 39. Rc8+ Bf8 40. Nxe4 h6 41. Ra8 a5 42. Nc5 Kf7 43. Nd3 Bb4+ 44. Nxb4 axb4 45. Rb8 Rxh2 46. Rxb5 1/2-1/2

[Event "MK Cafe Cup-A"]
[Site "Koszalin"]
[Date "1998.08.05"]
[Round "3"]
[White "Kunte, Abhijit"]
[Black "Malaniuk, Vladimir P"]
[Result "1-0"]
[WhiteElo "2505"]
[BlackElo "2590"]
[PlyCount "101"]
[EventDate "1998.08.03"]
[Source "ChessBase"]
[SourceDate "1998.09.09"]

1. c4 f5 2. Nc3 Nf6 3. g3 g6 4. Bg2 d6 5. e3 Bg7 6. Nge2 e5 7. d3 a5 8. a3 c6 9. Rb1 Na6 10. b4 axb4 11. axb4 Nc7 12. b5 c5 13. O-O O-O 14. Bd2 Rb8 15. b6 Na6 16. Nd5 Nxd5 17. Bxd5+ Kh8 18. Qb3 g5 19. f4 Qe7 20. Bg2 Be6 21. Nc3 gxf4 22. exf4 Nb4 23. Nb5 exf4 24. Bxf4 Be5 25. Bxe5+ dxe5 26. Qc3 Bd7 27. Nc7 Qd6 28. Rfe1 Qxb6 29. Nd5 Nxd5 30. Qxe5+ Qf6 31. Bxd5 b5 32. cxb5 Qxe5 33. Rxe5 Bxb5 34. Bc4 Bxc4 35. Rxb8 Rxb8 36. dxc4 Rb1+ 37. Kf2 Rb2+ 38. Ke3 Rxh2 39. Rxf5 Kg7 40. Rxc5 Kf6 41. g4 Rg2 42. Rf5+ Ke6 43. Kf4 Rf2+ 44. Ke4 Re2+ 45. Kd4 Rd2+ 46. Kc5 Rg2 47. Rh5 Rxg4 48. Rxh7 Rg8 49. Kc6 Rc8+ 50. Rc7 Ra8 51. c5 1-0

[Event "MTO, Biel SUI"]
[Site "?"]
[Date "2001.??.??"]
[Round "8"]
[White "Solak, D."]
[Black "Kobalija, M."]
[Result "0-1"]
[WhiteElo "2485"]
[BlackElo "2595"]
[PlyCount "144"]
[EventDate "2001.??.??"]
[Source "www.chesslib.no"]
[SourceDate "2004.05.04"]

1. c4 f5 2. g3 Nf6 3. Bg2 g6 4. Nc3 Bg7 5. e3 d6 6. Nge2 O-O 7. O-O Nc6 8. Rb1 e5 9. d3 g5 10. f4 h6 11. b4 Ne7 12. Nd5 Nexd5 13. cxd5 Bd7 14. a4 a6 15. Qb3 Qe8 16. b5 axb5 17. axb5 exf4 18. gxf4 Ng4 19. Rf3 Ra5 20. Qc2 Rxb5 21. Rxb5 Bxb5 22. h3 Nf6 23. fxg5 hxg5 24. Rxf5 g4 25. Nf4 Bd7 26. Ne6 Bxe6 27. dxe6 Qxe6 28. hxg4 c6 29. Qe2 Ra8 30. Bh3 Ra2 31. Bd2 Nd5 32. g5 Nf4 33. Qf3 Nxh3+ 34. Qxh3 Qg6 35. Be1 Ra1 36. Kf2 Ra8 37. Kg2 b5 38. Qg4 Re8 39. e4 c5 40. Qd1 b4 41. Bd2 Be5 42. Bf4 Bxf4 43. Rxf4 Re5 44. Rg4 Rxg5 45. Qb3+ Kf8 46. Rxg5 Qxg5+ 47. Kf3 Qh5+ 48. Ke3 Qg5+ 49. Kf3 Ke7 50. Qa4 Qd2 51. Qb5 Kf6 52. Qa6 Ke5 53. Qc4 Qf4+ 54. Ke2 Qh2+ 55. Kf3 Qh3+ 56. Ke2 Qe6 57. Qa6 Kf4 58. Kd2 Kf3 59. Qa1 Qh6+ 60. Kc2 Kf2 61. Qd1 Qe3 62. Kb3 Qe2 63. Qb1 Qd2 64. Kc4 Qc3+ 65. Kd5 b3 66. Kxd6 b2 67. Qh1 Qxd3+ 68. Kxc5 b1=Q 69. Qh2+ Ke1 70. Qg1+ Kd2 71. Qf2+ Kd1 72. Qg1+ Kc2 0-1

[Event "AUT Team Ch"]
[Site "Austria"]
[Date "1994.??.??"]
[Round "?"]
[White "Horvath, Gyula"]
[Black "Chernin, Alexander M"]
[Result "1/2-1/2"]
[WhiteElo "2450"]
[BlackElo "2630"]
[PlyCount "120"]
[EventDate "1994.??.??"]
[Source "www.chesslib.no"]
[SourceDate "2004.05.04"]

1. c4 f5 2. Nc3 Nf6 3. g3 g6 4. Bg2 Bg7 5. e3 O-O 6. Nge2 e5 7. O-O c6 8. d3 Na6 9. Rb1 d5 10. cxd5 cxd5 11. b4 Be6 12. b5 Nb8 13. Ba3 Re8 14. d4 e4 15. Na4 b6 16. Qb3 Bf7 17. Rfc1 g5 18. Rc2 Nbd7 19. Rc6 Bf8 20. Rbc1 Kg7 21. Bxf8+ Nxf8 22. Qb4 Qe7 23. Qxe7 Rxe7 24. Rc7 Rxc7 25. Rxc7 Ne8 26. Rc6 Rd8 27. h4 h6 28. hxg5 hxg5 29. g4 fxg4 30. Ng3 Be6 31. Bf1 Kf7 32. Be2 Ng6 33. Nf1 Nh4 34. Nh2 Nf3+ 35. Kg2 Bd7 36. Rc1 Ke7 37. Nc3 Nf6 38. a4 Rh8 39. Nf1 Kd6 40. Na2 Rh4 41. Nb4 g3 42. Bxf3 exf3+ 43. Kxf3 gxf2 44. Kxf2 Ne4+ 45. Kg1 Rh8 46. Rc2 g4 47. Nd2 Ng3 48. Nd3 Nf5 49. Nf1 Rc8 50. Rxc8 Bxc8 51. Ne5 Nh6 52. Ng3 a6 53. Kf2 axb5 54. axb5 Ng8 55. Nh5 Be6 56. Kg3 Ne7 57. Kf4 Nc8 58. Nf6 Na7 59. Ne8+ Ke7 60. Nc7 Kd6 1/2-1/2

[Event "Bank Pocztowy SA Open"]
[Site "?"]
[Date "1999.07.19"]
[Round "8"]
[White "Malakhatko Vadim"]
[Black "Malaniuk Vladimir P"]
[Result "1/2-1/2"]
[WhiteElo "2537"]
[BlackElo "2525"]
[PlyCount "128"]
[EventDate "1999.??.??"]
[Source "www.chesslib.no"]
[SourceDate "2004.05.04"]

1. c4 f5 2. g3 Nf6 3. Bg2 d6 4. Nc3 g6 5. e3 Bg7 6. Nge2 O-O 7. O-O a5 8. Rb1 c6 9. d3 e5 10. b3 Na6 11. Qd2 Rb8 12. Bb2 Re8 13. f4 Bd7 14. Rbe1 b5 15. cxb5 cxb5 16. Nd5 Nxd5 17. Bxd5+ Kh8 18. a3 b4 19. a4 Nc7 20. Bg2 Be6 21. Nc1 Nd5 22. Bxd5 Bxd5 23. e4 Qb6+ 24. Kg2 Bb7 25. h4 Rbc8 26. Kh3 fxe4 27. dxe4 Qc6 28. Rf2 Qd7+ 29. Kh2 exf4 30. Bxg7+ Qxg7 31. Rxf4 d5 32. exd5 Rxe1 33. Qxe1 Bxd5 34. Qd2 Bg8 35. Rf3 Be6 36. Rd3 Qc7 37. Ne2 Kg8 38. Nd4 Bf7 39. Nf3 Be6 40. Nd4 Bf7 41. Nf3 Be8 42. Nd4 Qc1 43. Qxc1 Rxc1 44. Kg2 Bf7 45. Kf2 Kg7 46. Ke2 h6 47. Kd2 Rc5 48. Re3 Rd5 49. Re4 g5 50. Ke3 Kf6 51. hxg5+ hxg5 52. Nc6 Rc5 53. Nxa5 Rxa5 54. Rxb4 Ke5 55. Re4+ Kd6 56. b4 Re5 57. Kd4 Rd5+ 58. Ke3 Bg6 59. Rd4 Ke5 60. Rxd5+ Kxd5 61. Kf3 Bh5+ 62. Ke3 Bd1 63. a5 Ba4 64. a6 Bc6 1/2-1/2

[Event "Corsican op"]
[Site "Bastia"]
[Date "1998.11.01"]
[Round "2"]
[White "Foisor, Ovidiu"]
[Black "Dao Thien Hai"]
[Result "1/2-1/2"]
[WhiteElo "2475"]
[BlackElo "2580"]
[PlyCount "91"]
[EventDate "1998.11.01"]
[Source "ChessBase"]
[SourceDate "1999.01.01"]

1. c4 f5 2. g3 Nf6 3. Bg2 g6 4. Nc3 Bg7 5. e3 O-O 6. Nge2 e5 7. d3 c6 8. O-O h6 9. Rb1 Kh7 10. b4 a6 11. f4 d6 12. h3 Be6 13. c5 Nh5 14. Kh2 a5 15. b5 Rf7 16. cxd6 Qxd6 17. d4 exf4 18. gxf4 Bc4 19. Rf2 a4 20. Qc2 Qe6 21. bxc6 bxc6 22. Rb6 Rc7 23. Qb1 Qg8 24. Rb7 Qc8 25. Rxc7 Qxc7 26. Qb4 Bf7 27. Nxa4 Na6 28. Qb6 Qxb6 29. Nxb6 Ra7 30. a3 c5 31. d5 Nc7 32. a4 Ra6 33. d6 Ne6 34. Nc4 Nd8 35. Ne5 Rxd6 36. Nc3 Bb3 37. Rd2 Rxd2 38. Bxd2 Bxe5 39. fxe5 Ng7 40. a5 Bc4 41. e4 f4 42. Bxf4 Nc6 43. Nd5 Nxa5 44. Nf6+ Kh8 45. Bxh6 Nc6 46. Nd7 1/2-1/2

[Event "Bethune op"]
[Site "?"]
[Date "1998.??.??"]
[Round "?"]
[White "Shchekachev Andrei"]
[Black "Relange Eloi"]
[Result "1-0"]
[WhiteElo "2560"]
[BlackElo "2490"]
[PlyCount "67"]
[EventDate "1998.??.??"]
[Source "www.chesslib.no"]
[SourceDate "2004.05.04"]

1. c4 f5 2. Nf3 Nf6 3. g3 e6 4. Bg2 d5 5. O-O c6 6. d3 Be7 7. Nc3 O-O 8. e4 d4 9. Ne2 c5 10. exf5 exf5 11. b4 Nc6 12. b5 Nb8 13. Bg5 Nh5 14. Bxe7 Qxe7 15. Re1 Qd6 16. Ne5 g6 17. Nc1 a5 18. Nb3 Ra7 19. b6 Qxb6 20. Qf3 Nf6 21. Qf4 Na6 22. Re2 Qc7 23. Rae1 b6 24. Nd2 Bb7 25. Ndf3 Nh5 26. Qd2 Nb8 27. Nxg6 hxg6 28. Re7 Bxf3 29. Rxc7 Rxc7 30. Bxf3 Nf6 31. Qh6 Rg7 32. Re6 Nbd7 33. Bd5 Nxd5 34. Rxg6 1-0

[Event "Mind Sports Games - Rapid Team"]
[Site "Pechino CINA"]
[Date "2008.10.15"]
[Round "6"]
[White "Steingrimsson, H."]
[Black "Mahjoob, M."]
[Result "1-0"]
[WhiteElo "2540"]
[BlackElo "2507"]
[PlyCount "89"]
[EventDate "2008.10.14"]
[Source "www.chesslib.no"]
[SourceDate "2004.05.04"]

1. c4 f5 2. g3 Nf6 3. Bg2 g6 4. Nc3 Bg7 5. d3 d6 6. e4 c6 7. Nge2 O-O 8. O-O a5 9. h3 e5 10. Be3 Na6 11. Qd2 Be6 12. exf5 gxf5 13. f4 Kh8 14. b3 Qc7 15. Rad1 Rae8 16. fxe5 dxe5 17. d4 exd4 18. Bxd4 Ne4 19. Bxg7+ Qxg7 20. Nxe4 fxe4 21. Qxa5 Rxf1+ 22. Rxf1 Bf7 23. Rd1 Bg6 24. Rd8 Qe7 25. Rxe8+ Bxe8 26. Qc3+ Kg8 27. Qe3 Bg6 28. Nf4 Nc5 29. b4 Ne6 30. Nxg6 hxg6 31. Qxe4 Qf6 32. Kh2 Kg7 33. a4 Nd4 34. b5 cxb5 35. Qxb7+ Kh6 36. cxb5 Qf2 37. h4 g5 38. Qe4 Ne2 39. Qe6+ Kh5 40. Qe5 Kh6 41. Qxg5+ Kh7 42. b6 Qg1+ 43. Kh3 Qxb6 44. Qh5+ Kg7 45. Qxe2 1-0

[Event "Beijing Open"]
[Site "Beijing CHN"]
[Date "1991.??.??"]
[Round "7"]
[White "Budnikov, Alexandar"]
[Black "Vyzmanavin, Alexey B"]
[Result "1-0"]
[WhiteElo "2440"]
[BlackElo "2605"]
[PlyCount "93"]
[EventDate "1991.03.??"]
[Source "www.chesslib.no"]
[SourceDate "2004.05.04"]

1. c4 f5 2. g3 Nf6 3. Bg2 g6 4. Nc3 Bg7 5. d3 O-O 6. e3 e5 7. Nge2 c6 8. O-O Na6 9. a3 d5 10. cxd5 cxd5 11. b4 Nc7 12. Bb2 Qe7 13. Rc1 Be6 14. Na4 Bf7 15. Qc2 Rfc8 16. Qd2 Be8 17. Nac3 Rd8 18. Rc2 Ne6 19. Rfc1 d4 20. exd4 exd4 21. Nb1 Ba4 22. Rc4 Bb3 23. Nxd4 Bxc4 24. Rxc4 Nxd4 25. Bxd4 Rd7 26. Nc3 Rad8 27. Qe3 Qf7 28. Bxf6 Bxf6 29. Bf1 Re7 30. Qf3 Re1 31. Kg2 Kg7 32. h4 Rd7 33. h5 Qe6 34. hxg6 hxg6 35. Ne2 g5 36. g4 f4 37. Re4 Qc6 38. Nxf4 Rxe4 39. Nh5+ Kf7 40. dxe4 Rd4 41. Bd3 Ke7 42. Ng3 Rd7 43. Be2 Be5 44. Nf5+ Kd8 45. Qe3 Qf6 46. Bb5 Rh7 47. Qd3+ 1-0

[Event "Novgorod op"]
[Site "Novgorod"]
[Date "1999.03.20"]
[Round "2"]
[White "Prokopchuk, Evgeny"]
[Black "Malaniuk, Vladimir P"]
[Result "1/2-1/2"]
[WhiteElo "2489"]
[BlackElo "2552"]
[PlyCount "46"]
[EventDate "1999.03.19"]
[Source "ChessBase"]
[SourceDate "1999.05.10"]

1. c4 f5 2. Nc3 Nf6 3. g3 g6 4. Bg2 Bg7 5. e3 d6 6. Nge2 e5 7. d3 a5 8. Rb1 c6 9. a3 Be6 10. b4 axb4 11. axb4 d5 12. cxd5 cxd5 13. O-O O-O 14. Bb2 Qe7 15. Ra1 Nbd7 16. Nb5 Bf7 17. Qd2 Nb6 18. Rfc1 Rxa1 19. Bxa1 Ra8 20. Bb2 Ne8 21. Ra1 Rxa1+ 22. Bxa1 Qd7 23. Na3 Qa4 1/2-1/2

[Event "7th open"]
[Site "Bad Zwesten"]
[Date "2003.??.??"]
[Round "6"]
[White "Bischoff, Klaus"]
[Black "Galdunts, Sergey"]
[Result "1-0"]
[WhiteElo "2554"]
[BlackElo "2486"]
[PlyCount "73"]
[EventDate "2003.01.02"]
[Source "Roberto Alvarez"]
[SourceDate "2003.05.05"]

1. c4 f5 2. b3 Nf6 3. Bb2 e6 4. g3 Be7 5. Bg2 O-O 6. e3 c6 7. Nc3 d5 8. Nf3 Bd6 9. O-O Nbd7 10. cxd5 exd5 11. Ne2 Qe7 12. Qc2 Ng4 13. a3 Nde5 14. Nxe5 Nxe5 15. f4 Ng4 16. Nd4 Bd7 17. Nf3 Rfe8 18. Rfe1 Nf6 19. b4 a5 20. Be5 axb4 21. Bxd6 Qxd6 22. axb4 Qxb4 23. Rab1 Qd6 24. Rxb7 Reb8 25. Rxb8+ Rxb8 26. Ne5 g6 27. Rc1 Rb6 28. h3 Be8 29. Qc3 h5 30. Bf3 Rb7 31. Kf2 Kf8 32. Ra1 c5 33. Ra5 Rc7 34. Qa1 d4 35. Ra6 dxe3+ 36. Kxe3 Qe7 37. Rxf6+ 1-0

[Event "IV Campionato UE"]
[Site "Liverpool ING"]
[Date "2008.09.18"]
[Round "10"]
[White "Miezis, N."]
[Black "Williams, Si1"]
[Result "1/2-1/2"]
[WhiteElo "2540"]
[BlackElo "2496"]
[PlyCount "146"]
[EventDate "2008.09.09"]
[Source "www.chesslib.no"]
[SourceDate "2004.05.04"]

1. c4 f5 2. g3 Nf6 3. Bg2 d6 4. Nc3 e5 5. d4 Be7 6. Nf3 Nc6 7. O-O O-O 8. d5 Nb8 9. Ng5 Ne8 10. Ne6 Bxe6 11. dxe6 c6 12. e4 f4 13. gxf4 exf4 14. Qg4 Bg5 15. c5 dxc5 16. e5 Bh6 17. Ne4 Qc7 18. Qh5 Qe7 19. Bh3 Nc7 20. Qg4 Nd5 21. Nd6 Na6 22. Nf7 Rxf7 23. exf7+ Qxf7 24. Bd2 Re8 25. Rfe1 Nac7 26. e6 Qf6 27. Qh5 Qg5+ 28. Qxg5 Bxg5 29. Rac1 Be7 30. Re4 Bd6 31. Bc3 Kf8 32. Kf1 g6 33. a4 Ke7 34. Ke2 Nf6 35. Bxf6+ Kxf6 36. e7 Rxe7 37. Rxe7 Kxe7 38. Kd3 b5 39. Re1+ Kf6 40. Bd7 c4+ 41. Kc2 bxa4 42. Re4 a3 43. bxa3 Bxa3 44. Rxf4+ Ke7 45. Bxc6 Bd6 46. Re4+ Kf6 47. h3 Ne6 48. Rxc4 Nf4 49. Bd7 Kg5 50. Kd2 Kh4 51. Ke3 g5 52. Ke4 h5 53. Rc3 Bb4 54. Rc4 Be1 55. Kf3 Ba5 56. Ra4 Bb6 57. Bc8 Bc5 58. Re4 Bb6 59. Rc4 Ba5 60. Rc6 Bb6 61. Rh6 Bc5 62. Bd7 Bb6 63. Be8 Bc5 64. Rh7 Bb6 65. Bd7 Bc5 66. Bg4 Bb6 67. Rh6 Bc5 68. Bf5 Bb6 69. Rh7 Bc5 70. Rc7 Bb6 71. Rc4 Ba5 72. Bc8 Bb6 73. Ra4 Bc5 1/2-1/2

[Event "GM"]
[Site "Cullera"]
[Date "2003.07.21"]
[Round "6.3"]
[White "Marin, Mihail"]
[Black "Herraiz Hidalgo, Herminio"]
[Result "1/2-1/2"]
[WhiteElo "2539"]
[BlackElo "2494"]
[PlyCount "46"]
[EventDate "2003.07.16"]
[Source "Roberto Alvarez"]
[SourceDate "2003.08.04"]

1. c4 f5 2. g3 Nf6 3. Bg2 g6 4. Nc3 d6 5. d3 Bg7 6. e3 O-O 7. Nge2 e5 8. O-O c6 9. b4 a6 10. a4 Be6 11. Ba3 Qc7 12. b5 axb5 13. axb5 Nbd7 14. Qb3 c5 15. Bb2 Nb6 16. Na4 Nfd7 17. Nxb6 Nxb6 18. Rxa8 Rxa8 19. e4 Ra4 20. Bc3 fxe4 21. Bxe4 Qd7 22. Ra1 Rxa1+ 23. Bxa1 d5 1/2-1/2

[Event "Torre mem op"]
[Site "?"]
[Date "1999.??.??"]
[Round "9"]
[White "Gonzalez Zamora Juan Carlos"]
[Black "Vallejo Pons Francisco"]
[Result "0-1"]
[WhiteElo "2514"]
[BlackElo "2519"]
[PlyCount "82"]
[EventDate "1999.??.??"]
[Source "www.chesslib.no"]
[SourceDate "2004.05.04"]

1. c4 f5 2. Nf3 Nf6 3. Nc3 g6 4. d3 Bg7 5. e4 fxe4 6. dxe4 Nc6 7. e5 Ng4 8. e6 O-O 9. h3 Nge5 10. Nxe5 Nxe5 11. f4 Nc6 12. exd7 Bxd7 13. Be2 Bd4 14. Nb5 e5 15. h4 Bf5 16. Nxd4 Nxd4 17. Kf2 Bc2 18. Qe1 exf4 19. Bg4 Bf5 20. Bxf5 Rxf5 21. Bd2 Qd6 22. Bc3 Nc2 23. Qe4 Qc5+ 24. Ke2 Nxa1 25. Rxa1 Rf7 26. Qe6 Qh5+ 27. Kd3 Rd8+ 28. Kc2 Qf5+ 29. Qxf5 Rxf5 30. a4 Kf7 31. Rf1 h6 32. b4 Re8 33. Kd2 Re4 34. c5 c6 35. Rf2 a6 36. Rf3 Rd5+ 37. Kc2 g5 38. hxg5 hxg5 39. Rh3 Re2+ 40. Kb3 Re3 41. Rh7+ Kg6 0-1

[Event "ISR-ch op"]
[Site "Tel Aviv"]
[Date "1999.04.07"]
[Round "8"]
[White "Mikhalevski, Victor"]
[Black "Tyomkin, Dimitri"]
[Result "1/2-1/2"]
[WhiteElo "2528"]
[BlackElo "2504"]
[PlyCount "58"]
[EventDate "1999.03.28"]
[Source "ChessBase"]
[SourceDate "1999.08.01"]

1. c4 f5 2. Nf3 Nf6 3. g3 e6 4. Bg2 d5 5. O-O c6 6. b3 Bd6 7. Bb2 Qe7 8. d3 O-O 9. Nc3 Nbd7 10. e4 dxe4 11. dxe4 Nxe4 12. Nxe4 fxe4 13. Nd2 e3 14. fxe3 Rxf1+ 15. Qxf1 Be5 16. Bd4 Bc7 17. Bc3 e5 18. Ne4 Nf6 19. Qd3 Bf5 20. Rf1 Bxe4 21. Bxe4 Rd8 22. Qc2 Qc5 23. Re1 Ba5 24. Bxa5 Qxa5 25. Re2 Qc5 26. Bf5 e4 27. Bxe4 Re8 28. Bf3 Rxe3 29. Kg2 Rxe2+ 1/2-1/2

[Event "Mind Sports Games - Rapid Team"]
[Site "Pechino CINA"]
[Date "2008.10.16"]
[Round "7"]
[White "Perelshteyn, E."]
[Black "Tu Hoang Thong"]
[Result "1-0"]
[WhiteElo "2536"]
[BlackElo "2496"]
[PlyCount "85"]
[EventDate "2008.10.14"]
[Source "www.chesslib.no"]
[SourceDate "2004.05.04"]

1. c4 f5 2. Nc3 Nf6 3. g3 d6 4. Bg2 e5 5. d3 Be7 6. Nf3 O-O 7. O-O Na6 8. Rb1 c6 9. b4 Nc7 10. Qc2 Kh8 11. c5 dxc5 12. bxc5 Nd7 13. Na4 Bf6 14. Bb2 Qe8 15. e3 Qh5 16. d4 e4 17. Ne5 Nd5 18. Ba1 Nxe5 19. dxe5 Be7 20. Nc3 Nc7 21. Ne2 Qf7 22. Nf4 Re8 23. h4 Rb8 24. Rfd1 Kg8 25. Bf1 Kh8 26. Bc4 Qf8 27. Qe2 g6 28. Rd6 Kg7 29. h5 g5 30. h6+ Kh8 31. Rg6 hxg6 32. Nxg6+ Kh7 33. Nxf8+ Rxf8 34. e6 Bxe6 35. Be5 Bxc4 36. Qxc4 Nd5 37. Bxb8 Rxb8 38. g4 Kg6 39. gxf5+ Kxf5 40. f3 Kg6 41. Qxe4+ Kxh6 42. Kg2 Kg7 43. Qe5+ 1-0

[Event "54th ch-RUS, Elista RUS"]
[Site "?"]
[Date "2001.??.??"]
[Round "8"]
[White "Khasin, Al"]
[Black "Potapov, A."]
[Result "1/2-1/2"]
[WhiteElo "2540"]
[BlackElo "2490"]
[PlyCount "112"]
[EventDate "2001.??.??"]
[Source "www.chesslib.no"]
[SourceDate "2004.05.04"]

1. c4 f5 2. Nc3 Nf6 3. g3 d6 4. Bg2 g6 5. Nf3 Bg7 6. O-O O-O 7. Rb1 a5 8. a3 e5 9. d3 c6 10. b4 axb4 11. axb4 Kh8 12. b5 Qe7 13. Bg5 h6 14. Bxf6 Qxf6 15. Ne1 Be6 16. Na4 Ra5 17. bxc6 bxc6 18. Rb7 d5 19. Qb3 Nd7 20. Nc2 Rfa8 21. Nb6 Nc5 22. Qb4 Nxb7 23. Nxa8 Qf8 24. Qxb7 Qxa8 25. Qe7 Bg8 26. cxd5 cxd5 27. Rb1 Ra7 28. Qd6 Ra6 29. Rb6 Rxb6 30. Qxb6 Qa2 31. Nb4 Qb1+ 32. Bf1 Qb3 33. Qd6 d4 34. Nc6 Qe6 35. Qc5 Qd5 36. Qb6 Qd6 37. Bg2 Bf6 38. h4 h5 39. Qb7 Be6 40. Nb4 Qd7 41. Qa6 Kg7 42. Bc6 Qd6 43. Qb7+ Kh6 44. Bd5 Bxd5 45. Nxd5 Qe6 46. Kg2 Bg7 47. Nc7 Qd7 48. Qb6 f4 49. Ne6 Qd5+ 50. Kg1 fxg3 51. fxg3 e4 52. Ng5 exd3 53. exd3 Qd7 54. Qe6 Qc7 55. Kf2 Bf6 56. Qxf6 Qxg3+ 1/2-1/2